| 000 | 01169nam a2200325 c 4500 | ||
|---|---|---|---|
| 999 |
_c104696 _d104696 |
||
| 003 | BLK | ||
| 005 | 20250519134625.0 | ||
| 008 | 180409b bul|||||r ||||||| ||bul|| | ||
| 010 | _aKNG00109806000 | ||
| 040 | _aBLK | ||
| 041 |
_aBUL _cBUL |
||
| 080 |
_aАмериканска литература (на САЩ) _b821.111(73) _x-31 _z821.111(73)-31 |
||
| 100 | 1 |
_aШоу, Ъруин _eпърви автор _9242605 |
|
| 139 |
_aШоу, Ъруин _bШ 88 |
||
| 245 | 1 | 0 |
_aХляб по водите _bРоман _cЪруин Шоу; прев. от англ. Людмила Евтимова. |
| 257 | _aUSA | ||
| 260 |
_bНар. култура _c1987 |
||
| 300 |
_a471 с. _c20 см |
||
| 380 | _aX | ||
| 500 | _aОриг. загл. Bread Upon the Waters / Irwin Shaw. - 50 125 тир. | ||
| 653 | _aромани | ||
| 700 |
_aЕвтимова, Людмила Антониова _gПреводачка от английски език _9244759 |
||
| 852 | _aЦб 147155 | ||
| 856 | 4 | _qpdf | |
| 856 | 4 | _qpdf | |
| 942 |
_cKNG _n0 _011 |
||
| 944 |
_aCR _c18.12.2003 _k30570 _lМоника Янева |
||
| 944 |
_aED _c10.03.2006 |
||
| 999 | _d104696 | ||